Lost regeneration opportunities (Record no. 118143)
[ view plain ]
| 000 -LEADER | |
|---|---|
| fixed length control field | 01111cam a2200217 4500 |
| 001 - CONTROL NUMBER | |
| control field | WB@3612-725 |
| 008 - FIXED-LENGTH DATA ELEMENTS--GENERAL INFORMATION | |
| fixed length control field | 041012n2004 000 0 eng u |
| 035 ## - SYSTEM CONTROL NUMBER | |
| System control number | (Sirsi) u127674 |
| 245 ## - TITLE STATEMENT | |
| Title | Lost regeneration opportunities |
| 260 ## - PUBLICATION, DISTRIBUTION, ETC. | |
| Date of publication, distribution, etc. | 2004 |
| 490 ## - SERIES STATEMENT | |
| Series statement | Planning (for the Natural and Built Environment) |
| Volume/sequential designation | 8 October 2004, 4(1) |
| 490 ## - SERIES STATEMENT | |
| Series statement | Brtish Urban Regeneration Association Newsletter |
| Volume/sequential designation | October/November 2004 (4) |
| 520 ## - SUMMARY, ETC. | |
| Summary, etc. | Regeneration opportunities are being lost because of a lack of experience and guidance for those working in joint venture schemes, according to research by the British Urban Regeneration Association. "Public-private joint ventures in urban regeneration" found that there is very little guidance available to public sector agencies on how to engage with private sector partners on major renewal schemes. Further information is available from: http://www.bura.org.uk/main/content.htm. |
| 590 ## - LOCAL NOTE (RLIN) | |
| Local note | WB |
| 590 ## - LOCAL NOTE (RLIN) | |
| Local note | WB |
| 650 ## - SUBJECT ADDED ENTRY--TOPICAL TERM | |
| Topical term or geographic name entry element | URBAN RENEWAL |
| 650 ## - SUBJECT ADDED ENTRY--TOPICAL TERM | |
| Topical term or geographic name entry element | JOINT VENTURES |
| 650 ## - SUBJECT ADDED ENTRY--TOPICAL TERM | |
| Topical term or geographic name entry element | PROPERTY DEVELOPMENT JOINT VENTURES |
| 690 ## - LOCAL SUBJECT ADDED ENTRY--TOPICAL TERM (OCLC, RLIN) | |
| Topical term or geographic name as entry element | REGENERATION |
| 942 ## - ADDED ENTRY ELEMENTS (KOHA) | |
| Suppress in OPAC | 0 |
| Withdrawn status | Lost status | Source of classification or shelving scheme | Damaged status | Not for loan | Home library | Current library | Shelving location | Date acquired | Total Checkouts | Full call number | Barcode | Date last seen | Copy number | Price effective from | Koha item type |
|---|---|---|---|---|---|---|---|---|---|---|---|---|---|---|---|
| Dewey Decimal Classification | London | London | News article | 12/10/2004 | WB4039-11 | 127674-1001 | 06/08/2019 | 1 | 06/08/2019 | News article |